| 000 | 00876nam a22002897a 4500 | ||
|---|---|---|---|
| 001 | 7944 | ||
| 003 | FISKH | ||
| 005 | 20250814135711.0 | ||
| 008 | 250814b cb ||||| |||| 00| 0 eng d | ||
| 020 | _a9780545565349 | ||
| 040 |
_aFISKH _beng _cFISKH _dFISKH |
||
| 050 | _aQL676 .C484 | ||
| 082 | _a598.1564 | ||
| 100 | _aChessen, Betsey | ||
| 245 |
_aWhere do birds live? _cBy Betsey Chessen |
||
| 250 | _aThis edition first published in 2013 | ||
| 260 |
_aNew York : _bScholastic, _c1998 |
||
| 300 |
_a14 unnumbered pages : _bcolor illustrations ; _c18 x 22 cm |
||
| 505 | _aE | ||
| 520 | _aDescribes, in simple text and photographs, the different kinds of places in which birds make their homes. | ||
| 521 | 8 |
_a200
_bLexile |
|
| 521 | 8 |
_aE
_bRaz-Plus |
|
| 650 |
_2Habitats _aAnimals |
||
| 650 |
_2Birds _aScience |
||
| 942 |
_2ddc _cBK _n0 |
||
| 999 |
_c7944 _d7944 |
||